| 000 | 00376nam a22001697a 4500 | ||
|---|---|---|---|
| 005 | 20160625170434.0 | ||
| 008 | 160625b xxu||||| |||| 00| 0 eng d | ||
| 020 | _a81-29501-84-8 | ||
| 041 | _aeng | ||
| 082 | _b10251 | ||
| 100 |
_aBhattacharya, Vijan _92828 |
||
| 245 | _aDevi Garjan (Bangla) | ||
| 260 | _bDey's | ||
| 300 | _a133 | ||
| 650 |
_aBangla _92816 |
||
| 942 | _cBK | ||
| 999 |
_c4090 _d4089 |
||